00586nam a22001817a 4500003000200000005001700002008004100019022002200060050002600082100001800108245006400126260004500190300004400235500002400279504005200303650002400355650002500379020230918113550.0230918b xxu||||| |||| 00| 0 eng d 2978-1-64726-321-8 aTK 5105.5 b.M37 2023 aMartin, Henry aComputer networking : an innovative approachc Henry Martin aNew York bClanrye Internationalcc2023. aviii, 237 pages :bcol. ill. ;c27 cm.  aComputer networks.  aIncludes bibliographical references and index.  aComputer networks.  aElectronic systems.